[Event "Tata Steel Tienkampen 2023"]
[Site "Wijk aan Zee"]
[Date "2023.01.20"]
[Round "1.1"]
[White "Pham, Khoi"]
[Black "De Winter, Arthur"]
[Result "1-0"]
[WhiteElo "2353"]
[BlackElo "2371"]
[Annotator "TA"]
[PlyCount "61"]
[EventDate "2023.01.20"]
[EventType "swiss"]
[EventCountry "NED"]
[SourceTitle "playchess.com"]
[Source "ChessBase"]
[SourceQuality "1"]

{[%evp 11,61,10,10,12,16,15,20,21,18,16,21,28,33,26,38,0,14,0,79,72,82,75,88,35,28,40,98,98,191,185,273,267,228,223,247,153,143,149,229,241,738,775,758,760,3175,3126,29991,29992,29992,29976,29996,29997]} 1. e4 {[%emt 0:00:01]} c5 {[%emt 0:00:09]} 2. Nf3 {[%emt 0:00:14]} d6 {[%emt 0:00:05]} 3. d4 {[%emt 0:00:08]} cxd4 {[%emt 0:00:05]} 4. Nxd4 {[%emt 0:00:05]} Nf6 {[%emt 0:00:02]} 5. Nc3 {[%emt 0:00:07]} a6 {[%emt 0:00:03]} 6. Bd3 {[%emt 0:00:16]} g6 {[%emt 0:00:31]} 7. f3 {[%emt 0:00:37] B90: Sicilian Najdorf: Unusual White 6th moves, 6 Be3 Ng4 and 6 Be3 e5.} Qb6 {[%emt 0:00:51] [#]} 8. a3 $1 {[%emt 0:02:06]} Nc6 {[%emt 0:01:16] [#]} (8... Qxd4 $2 9. Bb5+ axb5 10. Qxd4 $18) 9. Be3 {[%emt 0:00:18] The position is equal.} e5 {[%emt 0:02:22] [#]} ({Don't do} 9... Nxd4 10. Bxd4 Qa5 11. b4 $16) (9... Bd7 10. Be2) 10. Nf5 {[%emt 0:00:23][%mdl 64] Discovered Attack} Qd8 {[%emt 0:00:32]} (10... Qxb2 $2 11. Na4 $18) 11. Ng3 {[%emt 0:00:08]} h5 {[%emt 0:08:29]} 12. Qd2 {[%emt 0:12:09]} Be6 {[%emt 0:04:22] [#]} 13. Bg5 $146 {[%emt 0:25:10]} ({Predecessor:} 13. O-O-O Be7 14. Kb1 Rc8 15. Nge2 b5 16. Nd5 Bxd5 17. exd5 Na5 18. Nc3 Nc4 19. Bxc4 Rxc4 {0-1 Adams,M (2714)-Deac,B (2651) EU-chT 23rd Terme Catez 2021 (7.1)}) 13... Be7 {[%emt 0:06:43]} 14. h4 {[%emt 0:03:09]} Nd4 {[%emt 0:21:04]} (14... Rc8 $11) 15. O-O-O $1 $16 {[%emt 0:15:43]} Rc8 {[%emt 0:07:49]} 16. Kb1 {[%emt 0:08:25]} b5 {[%emt 0:11:57]} 17. Nce2 {[%emt 0:04:36]} (17. Rhf1 $16) 17... Nc6 $14 {[%emt 0:05:49]} 18. f4 {[%emt 0:03:29][%cal Bf3f4,Bf4f5][%mdl 32]} Bg4 {[%emt 0:07:25]} ({Better is} 18... exf4 $14 19. Nxf4 Ne5) 19. Rdf1 $16 {[%emt 0:03:56]} O-O {[%emt 0:02:40]} (19... Nh7 $16) 20. f5 $18 {[%emt 0:01:41]} Na5 {[%emt 0:06:11]} (20... Qa5 {might work better.} 21. Nc3 Rb8) 21. Nc3 {[%emt 0:02:47]} Nc4 {[%emt 0:05:20]} 22. Bxc4 {[%emt 0:00:16]} Rxc4 {[%emt 0:00:34]} 23. Bxf6 {[%emt 0:00:40]} Bxf6 {[%emt 0:00:08]} 24. Nd5 {[%emt 0:00:23] Threatens to win with fxg6.} Kh7 {[%emt 0:04:38]} (24... Bxh4 $2 25. Rxh4 Kh7 26. fxg6+ fxg6 27. Rxf8 Qxf8 28. Qg5 $18) (24... Rd4 $16 25. Qe3 Kh7) 25. Qf2 {[%emt 0:07:01]} Bxh4 $2 {[%emt 0:05:39] [#]} (25... Bg7 26. Ne3 Qc7 27. Nxg4 (27. Nxc4 bxc4 28. Re1 Rb8 $16) 27... hxg4) 26. Nxh5 $1 {[%emt 0:01:16][%mdl 512]} gxh5 {[%emt 0:01:43]} 27. Rxh4 {[%emt 0:00:08] Threatening mate with Rfh1.} Qg5 {[%emt 0:03:10] [#]} 28. Rxg4 $1 {[%emt 0:03:07][%mdl 512]} hxg4 {[%emt 0:00:07]} (28... Qxg4 29. Nf6+) 29. Rh1+ {[%emt 0:00:07] White mates.} Kg8 {[%emt 0:00:04]} 30. Rh5 {[%emt 0:00:20][%mdl 64] Decoy} Qd8 {[%emt 0:01:24]} 31. f6 {[%emt 0:00:22] Ingenious play by Pham!   Weighted Error Value: White=0.11 (very precise) /Black=0.44} 1-0

[Event "Tata Steel Tienkampen 2023"]
[Site "Wijk aan Zee"]
[Date "2023.01.20"]
[Round "1.2"]
[White "Martins, Vinicius Tine"]
[Black "Van Dael, Siem"]
[Result "0-1"]
[WhiteElo "2320"]
[BlackElo "2291"]
[Annotator "TA"]
[PlyCount "56"]
[EventDate "2023.01.20"]
[EventType "swiss"]
[EventCountry "NED"]
[SourceTitle "playchess.com"]
[Source "ChessBase"]
[SourceQuality "1"]

{[%evp 15,56,15,19,-14,16,21,39,15,16,14,62,42,42,49,56,55,51,40,85,77,83,86,87,24,22,-35,2,0,0,0,37,-129,0,-335,-326,-632,-625,-707,-708,-849,-827,-6022,-4419]} 1. d4 {[%emt 0:00:04]} Nf6 {[%emt 0:00:22]} 2. g3 {[%emt 0:00:11]} g6 {[%emt 0:00:12]} 3. Bg2 {[%emt 0:00:10]} Bg7 {[%emt 0:00:07]} 4. e4 {[%emt 0:00:08]} d6 {[%emt 0:01:32]} 5. Nc3 {[%emt 0:00:12]} O-O {[%emt 0:00:44]} 6. Nge2 {[%emt 0:00:15]} e5 {[%emt 0:01:59]} 7. O-O {[%emt 0:00:20]} c6 {[%emt 0:04:38]} 8. h3 {[%emt 0:01:03]} Nbd7 {[%emt 0:01:13][%cal Bb8d7,Bd7f8,Bf8e6][%mdl 32]} 9. Re1 {[%emt 0:03:05] B07: Pirc Defence: Miscellaneous Systems.} Re8 {[%emt 0:01:23]} 10. Bg5 {[%emt 0:02:44][%cal Bc1g5,Bg5e3,Be3a7][%mdl 32] [#]} Nf8 $146 {[%emt 0:12:03]} ({Predecessor:} 10... h6 11. Be3 Kh7 12. Qd2 exd4 13. Nxd4 Nc5 14. f3 Qe7 15. b4 Ncd7 16. Rad1 Ne5 {½-½ Chuguev,A (2214)-Okladnikov,G (2194) Novosibirsk op 03 2009 (6)}) 11. Qd2 {[%emt 0:25:21] White is slightly better.} Ne6 {[%emt 0:06:34]} 12. Be3 {[%emt 0:01:40]} b5 {[%emt 0:14:05]} (12... c5 $11 13. dxe5 dxe5) 13. d5 $14 {[%emt 0:21:55]} cxd5 {[%emt 0:40:00]} 14. exd5 {[%emt 0:00:12]} Nc7 {[%emt 0:00:22]} 15. a4 {[%emt 0:05:02]} b4 {[%emt 0:03:28]} 16. Nb5 {[%emt 0:04:02]} Bb7 {[%emt 0:06:15][%cal Rc7d5]} 17. Bxa7 {[%emt 0:24:50] [#] Black must now prevent Bb6.} ({Reject} 17. Qxb4 $6 Ncxd5 18. Qd2 (18. Nxd6 $2 {is the wrong capture.} Nxb4 19. Nxb7 Qb8 $19) (18. Qxd6 Nxe3 19. Bxb7 Nxc2 $11) 18... a6 $11) 17... Nxb5 {[%emt 0:13:28]} 18. axb5 {[%emt 0:00:11]} Qd7 {[%emt 0:00:25]} 19. Ra5 {[%emt 0:09:54]} (19. c4 $16) 19... e4 $1 $11 {[%emt 0:00:34]} 20. b6 {[%emt 0:05:46]} ({White should try} 20. Qxb4 $11 Nxd5 21. Qb3) 20... Re5 {[%emt 0:00:35][%cal Rf6d5]} 21. c4 {[%emt 0:02:16]} e3 {[%emt 0:00:32]} 22. fxe3 {[%emt 0:00:19]} (22. Qxb4 $2 exf2+ 23. Kxf2 Rae8 $19) 22... Ne4 {[%emt 0:00:19]} 23. Qc2 {[%emt 0:01:16]} (23. Qxb4 $14 {was the only good move.} Ree8 24. Rf1) 23... Nc5 {[%emt 0:00:26]} ({Better is} 23... Rae8 $17 {Threatens to win with ...Qe7.} 24. Rb5 Qe7) 24. Nd4 $2 {[%emt 0:00:33][%mdl 8192]} (24. Nf4 $11 {and White is okay.}) 24... Rxe3 $1 $19 {[%emt 0:00:32][%mdl 64] [#] Discovered Attack, Remove Defender} 25. Rxe3 {[%emt 0:00:32]} (25. Nf3 Rxe1+ 26. Nxe1) 25... Bxd4 {[%emt 0:00:02] Black is clearly winning.} 26. Qf2 {[%emt 0:00:02][%cal Oa5a1]} Nb3 {[%emt 0:01:10] Against Ra1} 27. Rb5 {[%emt 0:01:08]} Re8 {[%emt 0:00:20][%mdl 64] Pin} 28. Rxb3 {[%emt 0:00:40]} Re1+ {[%emt 0:00:35][%mdl 64] Deflection.   Weighted Error Value: White=0.99/Black=0.21 (precise)} 0-1

[Event "Tata Steel Tienkampen 2023"]
[Site "Wijk aan Zee"]
[Date "2023.01.20"]
[Round "1.3"]
[White "Zwirs, Nico"]
[Black "Culum, Sanjin"]
[Result "1-0"]
[WhiteElo "2467"]
[BlackElo "2242"]
[Annotator "TA"]
[PlyCount "79"]
[EventDate "2023.01.20"]
[EventType "swiss"]
[EventCountry "NED"]
[SourceTitle "playchess.com"]
[Source "ChessBase"]
[SourceQuality "1"]

{[%evp 20,79,14,2,54,54,41,42,36,42,48,50,45,50,97,93,107,56,148,154,140,140,158,157,191,150,240,241,260,212,210,210,209,184,291,276,279,279,292,293,328,302,524,537,524,502,795,800,906,896,1584,1408,1604,1563,1481,1341,2905,2865,2906,2300,5501,1802]} 1. e4 c5 {[%emt 0:00:33]} 2. Nf3 {[%emt 0:00:07]} Nc6 {[%emt 0:00:31]} 3. d4 {[%emt 0:00:06]} cxd4 {[%emt 0:00:05]} 4. Nxd4 {[%emt 0:00:01]} Nf6 {[%emt 0:00:22]} 5. Nc3 {[%emt 0:00:06]} e5 {[%emt 0:00:14]} 6. Ndb5 {[%emt 0:00:05]} d6 {[%emt 0:00:06]} 7. Bg5 {[%emt 0:00:19]} a6 {[%emt 0:00:15]} 8. Na3 {[%emt 0:00:05]} b5 {[%emt 0:00:13]} 9. Nd5 {[%emt 0:00:07]} Be7 {[%emt 0:00:13]} 10. Bxf6 {[%emt 0:00:11]} Bxf6 {[%emt 0:00:05]} 11. c4 {[%emt 0:00:24]} Nd4 {[%emt 0:00:26] B33: Sicilian: Pelikan and Sveshnikov Variations.} (11... b4 $1 $11 12. Nc2 O-O) 12. cxb5 $14 {[%emt 0:02:58]} Be6 {[%emt 0:00:05]} 13. Bc4 {[%emt 0:02:00]} axb5 {[%emt 0:00:06] White is slightly better.} 14. Bxb5+ {[%emt 0:02:45]} Kf8 {[%emt 0:00:07] Hoping for ...Bxd5.} 15. Bc4 {[%emt 0:03:09]} Qa5+ {[%emt 0:00:08]} 16. Qd2 {[%emt 0:01:41]} Qxd2+ {[%emt 0:03:06]} (16... Bg5 $14 17. Qxa5 Rxa5) 17. Kxd2 $16 {[%emt 0:00:16][%cal Be1d2,Bd2d3,Bd3c2][%mdl 32] [#]} Bd8 $146 {[%emt 0:00:02]} ({Predecessor:} 17... Bg5+ 18. Kd3 f5 19. f3 Kf7 20. Nc2 Nc6 21. Nc3 fxe4+ 22. fxe4 Bxc4+ 23. Kxc4 {½-½ Nepomniachtchi,I (2658)-Popov,I (2617) RUS-ch U20 Dagomys 2010 (10)}) 18. Nc2 {[%emt 0:21:22] A dynamic duo of knights.} ({Better is} 18. Kd3 $16) 18... Ba5+ {[%emt 0:49:46]} (18... Bg5+ 19. Kd3 $16) ({Black should play} 18... Rc8 $1 $14 19. b3 (19. Nxd4 Rxc4 20. Nxe6+ fxe6 $11) 19... Ba5+ 20. Kd3 Nxc2 21. Kxc2 Bxd5 22. exd5 Ke7) 19. Kd3 $1 {[%emt 0:03:04]} Nxc2 {[%emt 0:02:14]} 20. Kxc2 {[%emt 0:00:33]} f5 {[%emt 0:01:38] [#]} 21. f3 $1 {[%emt 0:02:52]} Kf7 {[%emt 0:02:06]} 22. Kd3 {[%emt 0:04:40]} Rhb8 {[%emt 0:06:14] [#]} (22... Rab8 $16) 23. Rhb1 $1 $18 {[%emt 0:02:37]} Ra7 {[%emt 0:12:15]} 24. a3 {[%emt 0:11:53] Repels Bb4} Bd8 {[%emt 0:10:50]} 25. b4 {[%emt 0:05:08]} Rba8 {[%emt 0:01:32]} 26. Rb3 {[%emt 0:00:25]} g6 {[%emt 0:01:04]} (26... Kf8 $142 27. b5 Rb8) 27. Nc3 {[%emt 0:11:09]} Bxc4+ {[%emt 0:03:57]} 28. Kxc4 {[%emt 0:00:18]} Rc8+ {[%emt 0:00:17]} 29. Kd3 {[%emt 0:00:21]} Rac7 {[%emt 0:02:17]} 30. a4 {[%emt 0:18:30][%cal Ba3a4,Ba4a5][%mdl 32]} Ke6 $2 {[%emt 0:03:15]} (30... Ra8 {keeps fighting.} 31. a5 Rca7) 31. a5 {[%emt 0:02:42] White is clearly winning.} Rc4 {[%emt 0:00:15]} 32. b5 {[%emt 0:06:23][%cal Bb4b5,Bb5b6,Bb6b7][%mdl 32]} Bg5 {[%emt 0:03:55]} (32... fxe4+ $142 33. fxe4 (33. Nxe4 d5 $16) 33... Rd4+ 34. Ke2 Bg5) 33. Ra4 {[%emt 0:01:43]} Rxa4 {[%emt 0:01:38]} 34. Nxa4 {[%emt 0:00:05][%mdl 4096] Endgame KRB-KRN} Rc1 {[%emt 0:00:42]} 35. b6 {[%emt 0:00:54]} Rd1+ {[%emt 0:00:43]} 36. Kc2 {[%emt 0:00:42]} Rd2+ {[%emt 0:00:05]} 37. Kc3 {[%emt 0:00:17]} Ra2 {[%emt 0:01:24]} 38. b7 {[%emt 0:00:30]} Bd2+ {[%emt 0:00:07]} 39. Kd3 {[%emt 0:01:14]} Bxa5 {[%emt 0:01:03]} 40. Nc3 {[%emt 0:02:44] Weighted Error Value: White=0.06 (flawless) /Black=0.38} ({Not} 40. b8=R Rxa4 41. g3 h5 $16) (40. b8=Q $142 Rd2+ 41. Kc4 Rd4+ 42. Kb5) 1-0

[Event "Tata Steel Tienkampen 2023"]
[Site "Wijk aan Zee"]
[Date "2023.01.20"]
[Round "1.4"]
[White "Van der Werf, Mark"]
[Black "Lopez, Jasel"]
[Result "1/2-1/2"]
[WhiteElo "2412"]
[BlackElo "2434"]
[Annotator "TA"]
[PlyCount "52"]
[EventDate "2023.01.20"]
[EventType "swiss"]
[EventCountry "NED"]
[SourceTitle "playchess.com"]
[Source "ChessBase"]
[SourceQuality "1"]

{[%evp 13,52,40,40,38,42,47,44,34,33,31,37,37,41,32,44,39,40,23,69,63,62,56,94,89,88,40,64,57,61,53,60,54,54,45,45,0,52,0,52,0,62]} 1. d4 {[%emt 0:00:03]} d5 {[%emt 0:00:18]} 2. c4 {[%emt 0:00:06]} c6 {[%emt 0:00:06]} 3. Nf3 {[%emt 0:00:05]} Nf6 {[%emt 0:00:13]} 4. e3 {[%emt 0:00:23]} Bf5 {[%emt 0:00:17]} 5. Nc3 {[%emt 0:00:12]} e6 {[%emt 0:00:15]} 6. Nh4 {[%emt 0:00:05]} Bg4 {[%emt 0:01:31]} 7. Qb3 {[%emt 0:00:34]} Qc7 {[%emt 0:01:43] Recently 7...dxc4 got a lot of attention.} 8. h3 {[%emt 0:00:35] D12: Slav Defence: 3 Nf3 Nf6 4 e3 Bf5.} Bh5 {[%emt 0:00:09]} 9. g4 {[%emt 0:00:52][%cal Bg2g4,Bg4g5][%mdl 32]} Bg6 {[%emt 0:00:41]} 10. Nxg6 {[%emt 0:02:30] White is slightly better.} hxg6 {[%emt 0:00:09]} 11. g5 {[%emt 0:01:09]} dxc4 {[%emt 0:32:07]} 12. Bxc4 {[%emt 0:01:30]} Nd5 {[%emt 0:00:05]} 13. Bd2 {[%emt 0:01:16]} Be7 {[%emt 0:01:50]} 14. f4 {[%emt 0:08:27]} Nd7 {[%emt 0:01:27] [#]} 15. Rc1 $146 {[%emt 0:09:09][%cal Rc4d5] [#] aiming for Bxd5.} ({Predecessor:} 15. O-O-O a5 16. Kb1 a4 17. Qc2 N7b6 18. Nxd5 Nxd5 19. a3 Rh4 20. Ka1 Kd7 21. Rc1 {½-½ Annaberdiev,M (2503)-Ozsakallioglu,O (2270) Ayvalik Kumru 2022 (3)}) 15... Qb8 {[%emt 0:11:40]} (15... Nxc3 $11 {deserves consideration.} 16. bxc3 b5) 16. Kf2 {[%emt 0:10:16]} a5 {[%emt 0:06:51][%cal Oa5a4]} 17. Be2 {[%emt 0:02:04]} Qa7 {[%emt 0:09:27]} 18. a3 {[%emt 0:03:05]} a4 {[%emt 0:00:57]} 19. Qc4 {[%emt 0:01:21]} ({White should try} 19. Qa2 $16) 19... Bd6 {[%emt 0:01:02]} 20. Kg2 {[%emt 0:08:00]} Qb8 {[%emt 0:02:54]} 21. Ne4 {[%emt 0:06:20]} (21. Nxa4 b5 22. Qxc6 bxa4 $19) 21... Bc7 {[%emt 0:03:28]} 22. h4 {[%emt 0:04:23]} Ba5 {[%emt 0:09:01]} 23. Nc3 {[%emt 0:08:01]} (23. Qxa4 $2 Bxd2 $19) 23... Qd6 {[%emt 0:08:26]} 24. Ne4 {[%emt 0:10:26]} ({Much weaker is} 24. Qxa4 Bxc3 25. Qxa8+ Ke7 26. Qxh8 Bxd2 $17) 24... Qb8 {[%emt 0:00:07] [#] White must now prevent ...Bxd2.} 25. Nc3 {[%emt 0:02:19]} (25. Qxa4 $2 {too greedy.} Bxd2 $19) 25... Qd6 $1 {[%emt 0:00:06]} 26. Ne4 {[%emt 0:00:11]} ({Much worse is} 26. Qxa4 Bxc3 27. Qxa8+ Ke7 28. Qxh8 Bxd2 $17) 26... Qb8 {[%emt 0:00:30] Weighted Error Value: White=0.16 (very precise) /Black=0.07 (flawless)} 1/2-1/2

[Event "Tata Steel Tienkampen 2023"]
[Site "Wijk aan Zee"]
[Date "2023.01.20"]
[Round "1.5"]
[White "Pijpers, Arthur"]
[Black "Beukema, Stefan"]
[Result "1/2-1/2"]
[WhiteElo "2445"]
[BlackElo "2411"]
[Annotator "TA"]
[PlyCount "194"]
[EventDate "2023.01.20"]
[EventType "swiss"]
[EventCountry "NED"]
[SourceTitle "playchess.com"]
[Source "ChessBase"]
[SourceQuality "1"]

{[%evp 31,193,14,9,0,6,9,26,29,29,31,28,22,22,22,23,19,39,52,54,30,67,23,62,39,45,33,128,121,127,100,124,106,131,131,134,139,138,127,130,127,128,91,116,86,109,35,47,0,0,0,0,0,0,0,0,0,0,0,0,0,0,0,0,0,0,0,0,0,0,0,0,0,0,0,0,0,0,0,0,0,0,0,0,0,0,-26,-26,-26,-26,-26,-26,-26,-26,-26,-26,-26,0,-26,0,0,0,-26,-26,-26,-26,-26,-26,-26,0,-26,-26,-26,-26,-26,0,-26,0,0,0,0,0,0,0,0,0,0,0,0,0,0,0,0,0,0,0,0,0,0,0,0,0,0,0,0,0,0,0,0,0,0,0,0,0,0,0,0,0,0,0,0,0,0,0,0]} 1. e4 {[%emt 0:00:03]} e5 {[%emt 0:00:15]} 2. Nf3 {[%emt 0:00:06]} Nc6 {[%emt 0:00:05]} 3. Bb5 {[%emt 0:00:04]} a6 {[%emt 0:00:20]} 4. Ba4 {[%emt 0:00:06]} Nf6 {[%emt 0:00:06]} 5. O-O {[%emt 0:00:07]} Be7 {[%emt 0:00:06]} 6. Re1 {[%emt 0:00:06]} b5 {[%emt 0:00:32]} 7. Bb3 {[%emt 0:00:05]} O-O {[%emt 0:01:32]} 8. c3 {[%emt 0:00:42]} d5 {[%emt 0:02:47]} 9. exd5 {[%emt 0:00:07]} Nxd5 {[%emt 0:00:07]} 10. Nxe5 {[%emt 0:00:07]} Nxe5 {[%emt 0:00:06]} 11. Rxe5 {[%emt 0:00:18]} c6 {[%emt 0:00:05]} 12. d4 {[%emt 0:00:34]} Bd6 {[%emt 0:00:17]} 13. Re1 {[%emt 0:00:07]} Qh4 {[%emt 0:00:05]} 14. g3 {[%emt 0:00:06]} Qh3 {[%emt 0:00:05]} 15. Qf3 {[%emt 0:00:28]} Bg4 {[%emt 0:08:25]} 16. Qg2 {[%emt 0:00:07]} Qh5 {[%emt 0:00:56]} 17. Be3 $1 {[%emt 0:00:25] C89: Closed Ruy Lopez: Marshall Attack.} Rae8 {[%emt 0:11:39] And now ...Bf3 would win.} 18. Nd2 {[%emt 0:01:28] Repels Bf3} Re6 {[%emt 0:02:34]} 19. f3 {[%emt 0:02:20] White has an edge.} Nxe3 {[%emt 0:19:39]} 20. Qf2 {[%emt 0:00:07][%cal Ob3e6]} Nd5 {[%emt 0:07:28] ...Bf5 would be deadly.} 21. fxg4 {[%emt 0:00:15]} Qxg4 {[%emt 0:00:08]} 22. Qf3 {[%emt 0:00:43]} Qxf3 {[%emt 0:03:22]} 23. Nxf3 {[%emt 0:00:10]} Rfe8 {[%emt 0:00:27]} 24. Rxe6 {[%emt 0:22:06]} Rxe6 {[%emt 0:00:08] [#]} 25. Kf2 $146 {[%emt 0:00:06] Dodges Re2+} ({Predecessor:} 25. a4 b4 26. cxb4 Bxb4 27. Rc1 Kf8 28. Ne5 Bd2 29. Rxc6 Rxc6 30. Nxc6 Ne7 31. d5 {1-0 Laine,J (1983)-Korinek,J (1815) BI-2014-P-0024}) 25... Rf6 {[%emt 0:06:09]} 26. Re1 {[%emt 0:06:13]} g5 {[%emt 0:00:42] Threatens to win with ...g4.} 27. Kg2 {[%emt 0:17:12] Hoping for Re8+.} h6 {[%emt 0:03:40]} 28. Nd2 {[%emt 0:14:29]} Kg7 {[%emt 0:04:05] [#]} (28... Kf8 $14) 29. Bxd5 $1 $16 {[%emt 0:02:42]} cxd5 {[%emt 0:00:06][%mdl 4096] Endgame [#] KRB-KRN} 30. Nf1 $1 {[%emt 0:00:04]} Re6 {[%emt 0:07:22]} 31. Ne3 {[%emt 0:01:04]} Kg6 {[%emt 0:04:36]} 32. Kf2 {[%emt 0:02:30]} Rf6+ {[%emt 0:01:07]} 33. Ke2 {[%emt 0:01:20]} Re6 {[%emt 0:01:42][%cal Od6f4]} 34. Kd2 {[%emt 0:00:46]} h5 {[%emt 0:05:00][%cal Bh6h5,Bh5h4][%mdl 32]} 35. Nxd5 {[%emt 0:16:34]} h4 {[%emt 0:04:58]} 36. Rg1 {[%emt 0:05:44]} f5 {[%emt 0:01:22]} 37. Kd3 {[%emt 0:11:38]} Re8 {[%emt 0:03:58]} 38. b3 {[%emt 0:01:08]} (38. gxh4 $16 g4 39. Rf1) 38... Rh8 $14 {[%emt 0:02:08]} 39. c4 {[%emt 0:01:06]} (39. Ke3 $14 {should be considered.}) 39... hxg3 $11 {[%emt 0:01:34]} 40. hxg3 {[%emt 0:00:06] Black must now prevent c5.} Rh3 {[%emt 0:01:05]} 41. c5 {[%emt 0:05:27]} Bxg3 {[%emt 0:00:10]} 42. Kc2 {[%emt 0:19:29]} Kf7 {[%emt 0:02:28]} 43. c6 {[%emt 0:17:21][%cal Og1g3] Rxg3! is the strong threat.} Ke6 {[%emt 0:01:06]} 44. c7 {[%emt 0:00:26]} Kd7 {[%emt 0:10:05]} 45. Rf1 {[%emt 0:00:19]} Rh2+ {[%emt 0:14:02]} 46. Kd3 {[%emt 0:00:21]} Bxc7 {[%emt 0:01:09]} 47. Nxc7 {[%emt 0:00:06]} Kxc7 {[%emt 0:02:43]} 48. Rxf5 {[%emt 0:00:01] KR-KR} g4 {[%emt 0:00:34]} 49. Rg5 {[%emt 0:00:59]} Rg2 {[%emt 0:00:36]} 50. a4 {[%emt 0:01:08]} Rg3+ {[%emt 0:00:08]} 51. Kc2 {[%emt 0:00:19]} b4 {[%emt 0:00:05]} 52. Rg6 {[%emt 0:00:50]} Kb7 {[%emt 0:04:31]} 53. a5 {[%emt 0:02:34]} Rc3+ {[%emt 0:00:50]} 54. Kb2 {[%emt 0:00:09]} g3 {[%emt 0:00:38]} 55. d5 {[%emt 0:00:27]} Rf3 {[%emt 0:01:14]} 56. Kc2 {[%emt 0:01:16]} Rc3+ {[%emt 0:00:14]} 57. Kb2 {[%emt 0:00:02]} Rd3 {[%emt 0:00:59]} 58. Kc2 {[%emt 0:01:35]} Rxd5 {[%emt 0:00:14]} 59. Rxg3 {[%emt 0:00:06]} Kc6 {[%emt 0:00:05]} 60. Rg6+ {[%emt 0:00:51]} Kb5 {[%emt 0:00:05]} 61. Rb6+ {[%emt 0:00:04]} Kxa5 {[%emt 0:00:24]} 62. Rb8 {[%emt 0:00:01]} Rc5+ {[%emt 0:00:10]} 63. Kb2 {[%emt 0:00:08]} Rb5 {[%emt 0:00:57]} 64. Rh8 {[%emt 0:00:07]} Kb6 {[%emt 0:00:29]} 65. Rh6+ {[%emt 0:00:02]} Ka7 {[%emt 0:00:19]} 66. Kc2 {[%emt 0:00:08]} Rc5+ {[%emt 0:00:08]} 67. Kb2 {[%emt 0:00:05]} a5 {[%emt 0:00:30]} 68. Rg6 {[%emt 0:00:02]} Kb7 {[%emt 0:00:05]} 69. Rh6 {[%emt 0:00:18]} Rc6 {[%emt 0:00:04]} 70. Rh5 {[%emt 0:00:09]} Kb6 {[%emt 0:00:05]} 71. Rg5 {[%emt 0:00:04]} Rh6 {[%emt 0:00:06]} 72. Rf5 {[%emt 0:00:07]} Rc6 {[%emt 0:00:49]} 73. Rh5 {[%emt 0:00:20]} Rc5 {[%emt 0:00:07]} 74. Rxc5 {[%emt 0:04:30] The position is equal.} Kxc5 {[%emt 0:00:05] KPP-KP} 75. Kc2 {[%emt 0:00:17]} Kc6 {[%emt 0:00:51]} (75... Kd4 $5 76. Kd2 $8 Ke5 $11) 76. Kc1 {[%emt 0:00:05]} Kb5 {[%emt 0:01:02]} 77. Kc2 {[%emt 0:00:15]} Kc5 {[%emt 0:00:12]} 78. Kc1 {[%emt 0:00:05]} Kd5 {[%emt 0:00:10]} 79. Kd1 $1 {[%emt 0:00:07]} Ke5 {[%emt 0:02:27]} 80. Ke1 $1 {[%emt 0:00:06]} Kf5 {[%emt 0:00:53]} (80... Kf4 $5 81. Kd2 $8 Kg3 $11) 81. Kd2 {[%emt 0:01:23]} Ke6 {[%emt 0:01:24]} (81... Ke4 $5 82. Ke2 $8 Ke5 $11) 82. Ke2 {[%emt 0:00:16]} Kd5 {[%emt 0:00:38]} 83. Kd1 {[%emt 0:00:11]} Ke5 {[%emt 0:01:41]} 84. Ke1 $1 {[%emt 0:00:04]} Kf4 {[%emt 0:00:02]} 85. Kd2 $1 {[%emt 0:00:19]} Ke4 {[%emt 0:00:48]} (85... Kf3 $5 86. Kd3 $8 Kf4 $11) 86. Ke2 {[%emt 0:00:09]} Kd4 {[%emt 0:00:07]} 87. Kd2 $1 {[%emt 0:00:04]} Kc5 {[%emt 0:00:04]} 88. Kc2 {[%emt 0:00:11]} Kb5 {[%emt 0:00:10]} 89. Kc1 {[%emt 0:00:32]} Kb6 {[%emt 0:02:38]} 90. Kc2 {[%emt 0:00:09]} Kc6 {[%emt 0:00:04]} 91. Kc1 {[%emt 0:00:07]} Kb5 {[%emt 0:00:43]} 92. Kc2 {[%emt 0:00:07]} a4 {[%emt 0:00:03]} 93. bxa4+ {[%emt 0:00:04]} Kxa4 {[%emt 0:00:03]} 94. Kb2 {[%emt 0:00:03]} b3 {[%emt 0:00:11][%cal Bb4b3,Bb3b2][%mdl 32]} 95. Kb1 {[%emt 0:00:02]} Ka3 {[%emt 0:00:10] ( -> ...b2)} (95... Kb4 $5) 96. Ka1 {[%emt 0:00:01]} b2+ {[%emt 0:00:04]} 97. Kb1 {[%emt 0:00:02]} Kb3 {[%emt 0:00:02] Weighted Error Value: White=0.08 (flawless) /Black=0.08 (flawless)} 1/2-1/2